Normal view
MARC view
- Flack, Ronald D.,
Entry Personal Name
001 - CONTROL NUMBER
- control field: 2257
003 - CONTROL NUMBER IDENTIFIER
- control field: NUST
005 - DATE AND TIME OF LATEST TRANSACTION
- control field: 20170608113557.0
008 - FIXED-LENGTH DATA ELEMENTS
- fixed length control field: 170608|| aca||aabn | a|a d
040 ## - CATALOGING SOURCE
- Original cataloging agency: NUST
- Transcribing agency: NUST
100 ## - HEADING--PERSONAL NAME
- Personal name: Flack, Ronald D.,
- Dates associated with a name: 1947-
670 ## - SOURCE DATA FOUND
- Source citation: Work cat.: (NUST)23733: Flack, Ronald D., 1947-, Fundamentals of jet propulsion with applications /, c.2005.
